[Event "Titled Tuesday intern op 31st Oct Early"]
[Site "Chess.com INT"]
[Date "2023.10.31"]
[Round "6"]
[White "Joshi, Pankaj"]
[Black "Dishman, Stephen"]
[Result "1-0"]
[WhiteElo "2231"]
[BlackElo "2306"]
[PlyCount "115"]
[EventDate "2023.10.31"]
[EventType "swiss (blitz)"]
[EventRounds "11"]
[EventCountry "USA"]
[SourceTitle "EXT 2025"]
[Source "ChessBase"]
[SourceDate "2024.10.14"]
[SourceVersion "1"]
[SourceVersionDate "2024.10.14"]
[SourceQuality "1"]

1. e4 c5 2. Nf3 g6 3. d4 cxd4 4. Nxd4 Nc6 5. Nc3 Bg7 6. Nde2 Nf6 7. g3 b5 8. Bg2 b4 9. Nd5 Rb8 10. Bf4 d6 11. 0-0 0-0 12. Qd2 Ba6 13. Rfe1 Re8 14. Rad1 Bxe2 15. Qxe2 Nd7 16. b3 Qa5 17. Qc4 Nde5 18. Qe2 Qxa2 19. Kh1 Nd7 20. e5 Ndxe5 21. Ra1 Qb2 22. Be3 Nd7 23. Rab1 Qa2 24. Qc4 Rec8 25. Qxc6 Rxc6 26. Nxe7+ Kf8 27. Nxc6 Rc8 28. Bf4 Ne5 29. Nxb4 Qa5 30. Nd5 Qc5 31. c4 Nd3 32. Be3 Qc6 33. Red1 Ne5 34. Ne7 Qd7 35. Nxc8 Qxc8 36. Rxd6 Ng4 37. Rbd1 Bf6 38. Bd4 Bxd4 39. R1xd4 Kg7 40. h3 Nf6 41. Bf3 Qf5 42. Kg2 Qc2 43. Rf4 Ng8 44. Rd7 Nh6 45. Bd5 Qxb3 46. Bxf7 Nxf7 47. Rfxf7+ Kh6 48. h4 g5 49. Rd6+ Kh5 50. Rxh7+ Kg4 51. Rd4+ Kf5 52. Rd5+ Ke6 53. Rh6+ Ke7 54. Rxg5 Qxc4 55. Rg7+ Kf8 56. Rxa7 Qd5+ 57. Kh2 Qf3 58. Rh8# 1-0

[Event "Titled Tuesday intern op 24th Oct Early"]
[Site "Chess.com INT"]
[Date "2023.10.24"]
[Round "9"]
[White "Joshi, Pankaj"]
[Black "Aketayeva, Dana"]
[Result "0-1"]
[WhiteElo "2231"]
[BlackElo "2130"]
[PlyCount "76"]
[EventDate "2023.10.24"]
[EventType "swiss (blitz)"]
[EventRounds "11"]
[EventCountry "USA"]
[SourceTitle "EXT 2025"]
[Source "ChessBase"]
[SourceDate "2024.10.14"]
[SourceVersion "1"]
[SourceVersionDate "2024.10.14"]
[SourceQuality "1"]

1. e4 c5 2. Nc3 Nc6 3. g3 g6 4. Bg2 Bg7 5. d3 Nf6 6. Be3 d6 7. h3 0-0 8. f4 Nd7 9. Nf3 Rb8 10. 0-0 b5 11. Rb1 a5 12. g4 b4 13. Ne2 a4 14. Ng3 Nd4 15. Nxd4 cxd4 16. Bd2 Nc5 17. f5 b3 18. axb3 axb3 19. g5 Ba6 20. f6 exf6 21. gxf6 Bxf6 22. Bh6 Bg7 23. Bxg7 Kxg7 24. c4 dxc3 25. bxc3 Bxd3 26. Qg4 Bxf1 27. Bxf1 Ne6 28. Bc4 Kh8 29. Kh2 b2 30. Bxe6 fxe6 31. Qxe6 Qf6 32. Qxf6+ Rxf6 33. Kg2 Rff8 34. Nf1 Rfc8 35. Kf2 Rxc3 36. Ne3 Rbb3 37. Nd1 Rxh3 38. Kg2 Rhd3 0-1

[Event "Titled Tuesday intern op 17th Oct Early"]
[Site "Chess.com INT"]
[Date "2023.10.17"]
[Round "5"]
[White "Hrebenshchykova, Yelyzaveta"]
[Black "Joshi, Pankaj"]
[Result "1-0"]
[WhiteElo "2299"]
[BlackElo "2231"]
[PlyCount "57"]
[EventDate "2023.10.17"]
[EventType "swiss (blitz)"]
[EventRounds "11"]
[EventCountry "USA"]
[SourceTitle "EXT 2025"]
[Source "ChessBase"]
[SourceDate "2024.10.14"]
[SourceVersion "1"]
[SourceVersionDate "2024.10.14"]
[SourceQuality "1"]

1. Nf3 Nf6 2. g3 g6 3. Bg2 Bg7 4. 0-0 0-0 5. c4 d6 6. d4 Nc6 7. Nc3 a6 8. h3 Rb8 9. Be3 b5 10. cxb5 axb5 11. Rc1 Nb4 12. a3 Nbd5 13. Nxd5 Nxd5 14. Bd2 Bb7 15. Ba5 Qd7 16. e4 Ra8 17. Qd2 b4 18. axb4 Nb6 19. d5 Ba6 20. Bxb6 Bxf1 21. Rxc7 Qb5 22. Bxf1 Qxb6 23. Rc6 Qb7 24. Kg2 Ra2 25. Nd4 Rb8 26. b5 Qa7 27. Rc4 Ra4 28. Nc6 Qc7 29. Rxa4 1-0

[Event "Titled Tuesday intern op 17th Oct Early"]
[Site "Chess.com INT"]
[Date "2023.10.17"]
[Round "10"]
[White "Joshi, Pankaj"]
[Black "Hua, Lefong"]
[Result "0-1"]
[WhiteElo "2231"]
[BlackElo "2305"]
[PlyCount "44"]
[EventDate "2023.10.17"]
[EventType "swiss (blitz)"]
[EventRounds "11"]
[EventCountry "USA"]
[SourceTitle "EXT 2025"]
[Source "ChessBase"]
[SourceDate "2024.10.14"]
[SourceVersion "1"]
[SourceVersionDate "2024.10.14"]
[SourceQuality "1"]

1. e4 c5 2. Nc3 g6 3. g3 Bg7 4. Bg2 Nc6 5. d3 Rb8 6. f4 d6 7. Be3 Nd4 8. Nf3 b5 9. Bf2 b4 10. Ne2 Nxf3+ 11. Bxf3 Bxb2 12. Rb1 Bg7 13. 0-0 Nf6 14. e5 Nd7 15. exd6 exd6 16. c3 a5 17. d4 0-0 18. dxc5 Nxc5 19. cxb4 axb4 20. a3 b3 21. Bxc5 dxc5 22. Rxb3 Qxd1 0-1

[Event "Titled Tuesday intern op 17th Oct Early"]
[Site "Chess.com INT"]
[Date "2023.10.17"]
[Round "8"]
[White "Wanyama, Harold"]
[Black "Joshi, Pankaj"]
[Result "1-0"]
[WhiteElo "2273"]
[BlackElo "2231"]
[PlyCount "91"]
[EventDate "2023.10.17"]
[EventType "swiss (blitz)"]
[EventRounds "11"]
[EventCountry "USA"]
[SourceTitle "EXT 2025"]
[Source "ChessBase"]
[SourceDate "2024.10.14"]
[SourceVersion "1"]
[SourceVersionDate "2024.10.14"]
[SourceQuality "1"]

1. d4 Nf6 2. c4 g6 3. Nc3 Bg7 4. e4 d6 5. f3 0-0 6. Nge2 c5 7. Be3 Nc6 8. Qd2 e6 9. 0-0-0 Qa5 10. Kb1 a6 11. dxc5 dxc5 12. Nc1 Rd8 13. Qe1 Rxd1 14. Qxd1 Nd7 15. Nb3 Qb6 16. Na4 Qb4 17. Naxc5 Nxc5 18. Bxc5 Qa4 19. Be2 b5 20. Qc2 Bb7 21. Rd1 Rc8 22. Rd7 Ba8 23. Qd3 bxc4 24. Qxc4 Qxc4 25. Bxc4 Ne5 26. Bxa6 Rb8 27. Ra7 Nc6 28. Rxa8 Rxa8 29. Bb7 Rb8 30. Bxc6 Rc8 31. Bb5 Be5 32. h3 Bg3 33. a4 f5 34. Bd7 Rd8 35. Bxe6+ Kg7 36. Bd4+ Kh6 37. exf5 gxf5 38. Bxf5 Rb8 39. Ka2 Rb4 40. a5 Bc7 41. Bc3 Ra4+ 42. Kb1 Kg5 43. g4 h6 44. Bd7 Rc4 45. Bb5 Rf4 46. Bd2 1-0

[Event "Titled Tuesday intern op 03rd Oct Early"]
[Site "Chess.com INT"]
[Date "2023.10.03"]
[Round "6"]
[White "Joshi, Pankaj"]
[Black "Fakhretdinova, Margarita"]
[Result "0-1"]
[WhiteElo "2231"]
[BlackElo "2153"]
[PlyCount "76"]
[EventDate "2023.10.03"]
[EventType "swiss (blitz)"]
[EventRounds "11"]
[EventCountry "USA"]
[SourceTitle "EXT 2025"]
[Source "ChessBase"]
[SourceDate "2024.10.14"]
[SourceVersion "1"]
[SourceVersionDate "2024.10.14"]
[SourceQuality "1"]

1. e4 c5 2. Nc3 Nc6 3. g3 g6 4. Bg2 Bg7 5. d3 e6 6. f4 Nge7 7. Be3 d6 8. Nf3 Nd4 9. 0-0 0-0 10. Bf2 Rb8 11. Nxd4 cxd4 12. Ne2 Nc6 13. c3 dxc3 14. bxc3 Bd7 15. d4 Qc7 16. Rc1 Na5 17. c4 Nxc4 18. Qd3 b5 19. a4 a6 20. axb5 axb5 21. d5 exd5 22. exd5 Bf5 23. Qb3 Qd7 24. Rfd1 Bg4 25. Bf3 Rfe8 26. Nd4 Bxf3 27. Qxf3 Ra8 28. Nc6 Ra2 29. Re1 Bf6 30. Rxe8+ Qxe8 31. Re1 Qd7 32. Qb3 Rb2 33. Qd3 Qh3 34. Re8+ Kg7 35. Qf1 Qf5 36. Nd4 Qxd5 37. Ne2 Nd2 38. Qg2 Rb1+ 0-1

[Event "Titled Tuesday intern op 03rd Oct Early"]
[Site "Chess.com INT"]
[Date "2023.10.03"]
[Round "1"]
[White "Joshi, Pankaj"]
[Black "Hernando Rodrigo, Julio Antonio"]
[Result "0-1"]
[WhiteElo "2231"]
[BlackElo "2202"]
[PlyCount "82"]
[EventDate "2023.10.03"]
[EventType "swiss (blitz)"]
[EventRounds "11"]
[EventCountry "USA"]
[SourceTitle "EXT 2025"]
[Source "ChessBase"]
[SourceDate "2024.10.14"]
[SourceVersion "1"]
[SourceVersionDate "2024.10.14"]
[SourceQuality "1"]

1. d4 Nf6 2. Bf4 g6 3. Nc3 Bg7 4. e4 0-0 5. Qd2 d5 6. e5 Ne4 7. Nxe4 dxe4 8. c3 c5 9. Bh6 cxd4 10. cxd4 Bxh6 11. Qxh6 Qxd4 12. Ne2 Qxb2 13. Rd1 Qxe5 14. Nd4 Qa5+ 15. Rd2 Rd8 16. Nb3 Qc3 17. Qe3 Qxe3+ 18. fxe3 Rxd2 19. Kxd2 Nc6 20. Bb5 Be6 21. Nc5 Rd8+ 22. Ke2 Rd5 23. Bxc6 Rxc5 24. Bxe4 Bxa2 25. Ra1 Bc4+ 26. Kf2 Ba6 27. Rd1 Rc7 28. Rd8+ Kg7 29. Ra8 b6 30. Rd8 Bb5 31. Rb8 Bc6 32. Bxc6 Rxc6 33. Rb7 a5 34. Rxe7 a4 35. Ra7 b5 36. Rb7 Ra6 37. Rxb5 a3 38. Rb1 a2 39. Ra1 f5 40. Ke2 Kf6 41. Kd2 Ke5 0-1

[Event "Titled Tuesday intern op 03rd Oct Early"]
[Site "Chess.com INT"]
[Date "2023.10.03"]
[Round "4"]
[White "Joshi, Pankaj"]
[Black "Rozhkov, Viacheslav"]
[Result "0-1"]
[WhiteElo "2231"]
[BlackElo "2145"]
[PlyCount "90"]
[EventDate "2023.10.03"]
[EventType "swiss (blitz)"]
[EventRounds "11"]
[EventCountry "USA"]
[SourceTitle "EXT 2025"]
[Source "ChessBase"]
[SourceDate "2024.10.14"]
[SourceVersion "1"]
[SourceVersionDate "2024.10.14"]
[SourceQuality "1"]

1. e4 e6 2. d4 d5 3. e5 c5 4. c3 Nc6 5. Nf3 Qb6 6. a3 c4 7. Nbd2 Na5 8. Be2 Bd7 9. 0-0 Ne7 10. Rb1 h6 11. Re1 0-0-0 12. Nf1 Kb8 13. h4 f6 14. exf6 gxf6 15. Bf4+ Ka8 16. N3d2 Ng6 17. Bg3 Bd6 18. Bg4 Bxg3 19. fxg3 e5 20. Bxd7 Rxd7 21. Qg4 Rg7 22. h5 f5 23. Qxf5 Rf8 24. Qg4 exd4 25. cxd4 Nc6 26. hxg6 Nxd4 27. Kh1 Rxg6 28. Qd7 a6 29. Re8+ Rxe8 30. Qxe8+ Ka7 31. Qe3 Re6 32. Qf2 Rf6 33. Nf3 Nxf3 34. Qxb6+ Kxb6 35. gxf3 Rxf3 36. Kg2 Rb3 37. Nd2 Rd3 38. Nf3 Kc5 39. Rc1 b5 40. Kf2 a5 41. Ke2 b4 42. axb4+ axb4 43. g4 Rb3 44. Rc2 d4 45. Rxc4+ Kb5 0-1

[Event "Titled Tuesday intern op 26th Sep Early"]
[Site "Chess.com INT"]
[Date "2023.09.26"]
[Round "4"]
[White "Mirzoev, Azer"]
[Black "Joshi, Pankaj"]
[Result "1-0"]
[WhiteElo "2418"]
[BlackElo "2231"]
[PlyCount "37"]
[EventDate "2023.09.26"]
[EventType "swiss (blitz)"]
[EventRounds "11"]
[EventCountry "USA"]
[SourceTitle "EXT 2024"]
[Source "ChessBase"]
[SourceDate "2023.10.10"]
[SourceVersion "1"]
[SourceVersionDate "2023.10.10"]
[SourceQuality "1"]

1. c4 f5 2. Nc3 Nf6 3. g3 e6 4. Bg2 c6 5. d4 d5 6. Nf3 Bd6 7. Bf4 Ne4 8. Bxd6 Qxd6 9. 0-0 0-0 10. e3 Bd7 11. Qb3 Qc7 12. Rac1 Nxc3 13. bxc3 Be8 14. cxd5 exd5 15. c4 Bf7 16. cxd5 Qd8 17. Qxb7 Bxd5 18. Qxa8 Qc7 19. Rb1 1-0

[Event "Titled Tuesday intern op 12th Sep Early"]
[Site "Chess.com INT"]
[Date "2023.09.12"]
[Round "1"]
[White "Lehtosaari, Mauri"]
[Black "Joshi, Pankaj"]
[Result "0-1"]
[WhiteElo "2151"]
[BlackElo "2231"]
[PlyCount "84"]
[EventDate "2023.09.12"]
[EventType "swiss (blitz)"]
[EventRounds "11"]
[EventCountry "USA"]
[SourceTitle "EXT 2024"]
[Source "ChessBase"]
[SourceDate "2023.10.10"]
[SourceVersion "1"]
[SourceVersionDate "2023.10.10"]
[SourceQuality "1"]

1. d4 Nf6 2. Nf3 g6 3. Bg5 Bg7 4. Nbd2 d5 5. e3 0-0 6. c4 c5 7. Bxf6 Bxf6 8. cxd5 cxd4 9. e4 e6 10. e5 Bg7 11. d6 Nc6 12. Bb5 Nxe5 13. Nxe5 Bxe5 14. 0-0 Qxd6 15. g3 Bg7 16. Ne4 Qe5 17. Bd3 b6 18. Qf3 Rb8 19. Rfe1 Bb7 20. Qd1 f5 21. Ng5 Qd5 22. f3 e5 23. Qa4 Rfc8 24. Rac1 h6 25. Bc4 Rxc4 26. Qxc4 hxg5 27. Kf2 e4 28. b3 e3+ 29. Ke2 Qxc4+ 30. bxc4 g4 31. fxg4 fxg4 32. Kd3 Re8 33. c5 Ba6+ 34. Kc2 d3+ 35. Kb3 d2 36. Rcd1 dxe1Q 37. Rxe1 e2 38. cxb6 axb6 39. a4 Re3+ 40. Kb4 Bc3+ 41. Kb3 Bxe1+ 42. Kc2 Ba5 0-1

[Event "Titled Tuesday intern op 08th Aug Early"]
[Site "Chess.com INT"]
[Date "2023.08.08"]
[Round "1"]
[White "Joshi, Pankaj"]
[Black "Moskvin, Anatoly"]
[Result "0-1"]
[WhiteElo "2231"]
[BlackElo "2192"]
[PlyCount "58"]
[EventDate "2023.08.08"]
[EventType "swiss (blitz)"]
[EventRounds "11"]
[EventCountry "USA"]
[SourceTitle "EXT 2024"]
[Source "ChessBase"]
[SourceDate "2023.10.10"]
[SourceVersion "1"]
[SourceVersionDate "2023.10.10"]
[SourceQuality "1"]

1. e4 e5 2. Nf3 Nc6 3. Bc4 Nf6 4. d3 Bc5 5. Nc3 d6 6. Bg5 h6 7. Bxf6 Qxf6 8. Nd5 Qd8 9. c3 a6 10. d4 Ba7 11. h3 0-0 12. 0-0 Be6 13. Ne3 Bxc4 14. Nxc4 exd4 15. cxd4 d5 16. exd5 Qxd5 17. Rc1 Nxd4 18. Nxd4 Bxd4 19. Qg4 Bf6 20. Rfd1 Qb5 21. Ne3 h5 22. Qg3 c6 23. Rc4 Rad8 24. Rdc1 Qxb2 25. Nf5 Rd5 26. Rc5 Rxf5 27. R1c2 Qb1+ 28. Rc1 Qe4 29. R5c4 Qe6 0-1

[Event "Titled Tuesday intern op 08th Aug Early"]
[Site "Chess.com INT"]
[Date "2023.08.08"]
[Round "2"]
[White "Joshi, Pankaj"]
[Black "Sanhueza, Cristian"]
[Result "0-1"]
[WhiteElo "2231"]
[BlackElo "2215"]
[PlyCount "76"]
[EventDate "2023.08.08"]
[EventType "swiss (blitz)"]
[EventRounds "11"]
[EventCountry "USA"]
[SourceTitle "EXT 2024"]
[Source "ChessBase"]
[SourceDate "2023.10.10"]
[SourceVersion "1"]
[SourceVersionDate "2023.10.10"]
[SourceQuality "1"]

1. d4 Nf6 2. Nc3 g6 3. e4 d6 4. Be3 Bg7 5. Qd2 0-0 6. f3 c6 7. 0-0-0 b5 8. h4 b4 9. Nce2 Qa5 10. Kb1 Be6 11. Nc1 h5 12. Nh3 Bxh3 13. Rxh3 Nbd7 14. Nb3 Qc7 15. Be2 a5 16. g4 a4 17. Nc1 b3 18. cxb3 axb3 19. Nxb3 Rfb8 20. gxh5 Nxh5 21. f4 Ndf6 22. Bxh5 Nxh5 23. f5 c5 24. dxc5 Qa7 25. Bd4 Qxa2+ 26. Kc2 Bxd4 27. Qxd4 dxc5 28. Qd7 c4 29. fxg6 cxb3+ 30. Kd2 Rd8 31. gxf7+ Kf8 32. Rf1 Rxd7+ 33. Ke3 Qxb2 34. Rh2 Qxh2 35. Rg1 Qxg1+ 36. Kf3 Qg3+ 37. Ke2 Nf4+ 38. Kf1 Ra1# 0-1

[Event "Titled Tuesday intern op 08th Aug Early"]
[Site "Chess.com INT"]
[Date "2023.08.08"]
[Round "9"]
[White "Mangialardo, Tiago Carvalho"]
[Black "Joshi, Pankaj"]
[Result "1-0"]
[WhiteElo "1965"]
[BlackElo "2231"]
[PlyCount "65"]
[EventDate "2023.08.08"]
[EventType "swiss (blitz)"]
[EventRounds "11"]
[EventCountry "USA"]
[SourceTitle "EXT 2024"]
[Source "ChessBase"]
[SourceDate "2023.10.10"]
[SourceVersion "1"]
[SourceVersionDate "2023.10.10"]
[SourceQuality "1"]

1. e4 c6 2. c4 d5 3. exd5 cxd5 4. cxd5 Nf6 5. Bb5+ Bd7 6. Bc4 b5 7. Bb3 a5 8. a3 a4 9. Ba2 Bg4 10. Nf3 Nxd5 11. Qe2 Qd7 12. Ne5 Bxe2 13. Nxd7 Nf4 14. Nxb8 Rxb8 15. d4 Ne6 16. Bxe6 fxe6 17. Kxe2 g6 18. Bf4 Bg7 19. Bxb8 Bxd4 20. Nc3 Bxc3 21. bxc3 0-0 22. Be5 Rb8 23. Rab1 g5 24. Bxb8 g4 25. Rxb5 h5 26. Rxh5 g3 27. hxg3 Kf7 28. Be5 Ke8 29. Rh8+ Kd7 30. Rd1+ Kc6 31. Rc8+ Kb5 32. Rb1+ Ka6 33. Ra8# 1-0

[Event "Titled Tuesday intern op 08th Aug Early"]
[Site "Chess.com INT"]
[Date "2023.08.08"]
[Round "3"]
[White "Shishkov, Andrei"]
[Black "Joshi, Pankaj"]
[Result "1-0"]
[WhiteElo "2340"]
[BlackElo "2231"]
[PlyCount "79"]
[EventDate "2023.08.08"]
[EventType "swiss (blitz)"]
[EventRounds "11"]
[EventCountry "USA"]
[SourceTitle "EXT 2024"]
[Source "ChessBase"]
[SourceDate "2023.10.10"]
[SourceVersion "1"]
[SourceVersionDate "2023.10.10"]
[SourceQuality "1"]

1. d4 f5 2. g3 Nf6 3. Bg2 e6 4. Nh3 d5 5. 0-0 Bd6 6. c4 c6 7. Bf4 0-0 8. Nd2 Ne4 9. Nf3 h6 10. Bxd6 Qxd6 11. Nf4 Nd7 12. c5 Qe7 13. Ng6 Qf7 14. Nxf8 Qxf8 15. Nd2 g5 16. Nxe4 fxe4 17. f3 exf3 18. Rxf3 Nf6 19. Qd3 Qg7 20. Raf1 Ne4 21. Rf8+ Qxf8 22. Rxf8+ Kxf8 23. Bxe4 dxe4 24. Qxe4 Bd7 25. Qh7 Ke8 26. Qg8+ Ke7 27. Qxa8 g4 28. Qxb7 h5 29. Qxa7 h4 30. Qc7 h3 31. Kf2 e5 32. Qxe5+ Kd8 33. Ke3 Kc8 34. Kf4 Kb7 35. Qe7 Kb8 36. Qxd7 Ka8 37. Ke5 Kb8 38. Kd6 Ka8 39. Kxc6 Kb8 40. Qb7# 1-0

[Event "Titled Tuesday intern op 01st Aug Early"]
[Site "Chess.com INT"]
[Date "2023.08.01"]
[Round "1"]
[White "Ingebretsen, Jens E"]
[Black "Joshi, Pankaj"]
[Result "1-0"]
[WhiteElo "2377"]
[BlackElo "2231"]
[PlyCount "103"]
[EventDate "2023.08.01"]
[EventType "swiss (blitz)"]
[EventRounds "11"]
[EventCountry "USA"]
[SourceTitle "EXT 2024"]
[Source "ChessBase"]
[SourceDate "2023.10.10"]
[SourceVersion "1"]
[SourceVersionDate "2023.10.10"]
[SourceQuality "1"]

1. d4 Nf6 2. c4 g6 3. Nc3 Bg7 4. e4 d6 5. Be2 0-0 6. Be3 c5 7. d5 e6 8. Nf3 exd5 9. exd5 Ng4 10. Bf4 Re8 11. 0-0 a6 12. Re1 Ne5 13. Nxe5 Bxe5 14. Bxe5 Rxe5 15. Bd3 Nd7 16. Ne4 Nf6 17. Nxf6+ Qxf6 18. Rxe5 Qxe5 19. Qd2 Bf5 20. Bxf5 Qxf5 21. Re1 Qf6 22. Qc3 Qxc3 23. bxc3 Kf8 24. Rb1 b5 25. f3 Ke7 26. Kf2 bxc4 27. Rb7+ Kf6 28. f4 h5 29. Rd7 Rb8 30. Rxd6+ Ke7 31. Rxa6 Rb2+ 32. Kf3 Rc2 33. f5 Rxc3+ 34. Ke4 gxf5+ 35. Kxf5 Rd3 36. Ke5 c3 37. Ra7+ Ke8 38. Rc7 Rd2 39. Kd6 f5 40. Rc8+ Kf7 41. Rxc5 c2 42. g3 h4 43. a4 hxg3 44. hxg3 Kf6 45. a5 Kg5 46. a6 c1Q 47. Rxc1 Ra2 48. Rc6 Kg4 49. Ke5 Re2+ 50. Kf6 Ra2 51. d6 Kxg3 52. Kxf5 1-0

[Event "Titled Tuesday intern op 01st Aug Early"]
[Site "Chess.com INT"]
[Date "2023.08.01"]
[Round "5"]
[White "Joshi, Pankaj"]
[Black "Devaev, Alexander"]
[Result "1-0"]
[WhiteElo "2231"]
[BlackElo "2325"]
[PlyCount "93"]
[EventDate "2023.08.01"]
[EventType "swiss (blitz)"]
[EventRounds "11"]
[EventCountry "USA"]
[SourceTitle "EXT 2024"]
[Source "ChessBase"]
[SourceDate "2023.10.10"]
[SourceVersion "1"]
[SourceVersionDate "2023.10.10"]
[SourceQuality "1"]

1. e4 c6 2. d4 d5 3. exd5 cxd5 4. Bd3 Nc6 5. c3 g6 6. Bf4 Bf5 7. Be2 Nf6 8. Nf3 e6 9. 0-0 Bd6 10. Ne5 Qc7 11. Bg5 Ne4 12. Nxc6 Nxg5 13. Ne5 Bxe5 14. dxe5 Bxb1 15. Rxb1 Qxe5 16. Bb5+ Kf8 17. f4 Qe3+ 18. Kh1 Ne4 19. Qc2 Nd6 20. Rbe1 Qc5 21. Bd3 h5 22. Bxg6 h4 23. f5 e5 24. Rxe5 Nc4 25. Ree1 h3 26. g3 Rd8 27. Qe2 d4 28. Bxf7 d3 29. Qe6 d2 30. Bg6 Qc6+ 31. Qxc6 bxc6 32. Rd1 Ne3 33. Kg1 Nxf1 34. Kxf1 Ke7 35. Ke2 Kf6 36. Rxd2 Rxd2+ 37. Kxd2 Rd8+ 38. Ke2 c5 39. c4 Rd4 40. b3 a5 41. Ke3 a4 42. g4 a3 43. Bh5 Rd1 44. g5+ Kxg5 45. Bxd1 Kxf5 46. Bc2+ Ke5 47. Be4 1-0

[Event "Titled Tuesday intern op 01st Aug Early"]
[Site "Chess.com INT"]
[Date "2023.08.01"]
[Round "9"]
[White "Joshi, Pankaj"]
[Black "Winkels, Marcel"]
[Result "1-0"]
[WhiteElo "2231"]
[BlackElo "1920"]
[PlyCount "53"]
[EventDate "2023.08.01"]
[EventType "swiss (blitz)"]
[EventRounds "11"]
[EventCountry "USA"]
[SourceTitle "EXT 2024"]
[Source "ChessBase"]
[SourceDate "2023.10.10"]
[SourceVersion "1"]
[SourceVersionDate "2023.10.10"]
[SourceQuality "1"]

1. e4 c5 2. Nc3 a6 3. g3 b5 4. Bg2 Bb7 5. d3 e6 6. f4 Nf6 7. Nh3 d5 8. e5 Nfd7 9. 0-0 Be7 10. f5 Nxe5 11. fxe6 fxe6 12. Qh5+ Ng6 13. Nf4 0-0 14. Nxg6 Rxf1+ 15. Bxf1 hxg6 16. Qxg6 Bf6 17. Bh3 Qe7 18. Bg2 Nd7 19. Bd2 Ne5 20. Qh5 b4 21. Ne2 d4 22. Bf4 Bxg2 23. Bxe5 Bd5 24. Rf1 Rf8 25. Nf4 Bb7 26. Ng6 Qf7 27. Qh8# 1-0

[Event "Titled Tuesday intern op 18th Jul Early"]
[Site "Chess.com INT"]
[Date "2023.07.18"]
[Round "4"]
[White "Joshi, Pankaj"]
[Black "Filgueira, Hernan"]
[Result "0-1"]
[WhiteElo "2231"]
[BlackElo "2283"]
[PlyCount "108"]
[EventDate "2023.07.18"]
[EventType "swiss (blitz)"]
[EventRounds "11"]
[EventCountry "USA"]
[SourceTitle "EXT 2024"]
[Source "ChessBase"]
[SourceDate "2023.10.10"]
[SourceVersion "1"]
[SourceVersionDate "2023.10.10"]
[SourceQuality "1"]

1. d4 Nf6 2. Bf4 d6 3. e3 g6 4. Nc3 c6 5. Nf3 Qa5 6. Qd2 Bg7 7. Bd3 Bg4 8. h3 Bxf3 9. gxf3 Nbd7 10. Bg3 a6 11. h4 Nh5 12. Bh2 c5 13. Nd5 Qxd2+ 14. Kxd2 Rc8 15. c3 Ndf6 16. Nb6 Rc6 17. Nc4 0-0 18. Rac1 Rfc8 19. Na5 R6c7 20. dxc5 Rxc5 21. Nxb7 Rd5 22. Ke2 Rb8 23. Bxa6 Ne8 24. Bc4 Rf5 25. e4 Nf4+ 26. Kf1 Rf6 27. Na5 Rxb2 28. Nc6 e6 29. Bb3 Bh6 30. Na5 Nd3 31. Rd1 Nxf2 32. Nc4 Nxd1 33. Nxb2 Nxb2 34. Ke2 d5 35. Be5 Rf4 36. Bxf4 Bxf4 37. Rb1 Nc4 38. exd5 Nd2 39. Rb2 Nxb3 40. Rxb3 exd5 41. a4 Bc7 42. Rb5 Kf8 43. a5 Nd6 44. Rc5 Bb8 45. a6 Ke7 46. Rxd5 Ba7 47. Kd3 Kd7 48. c4 Kc6 49. h5 Ne8 50. Rd8 Nc7 51. hxg6 fxg6 52. Rh8 h5 53. Rh7 Bc5 54. Ke4 Nxa6 0-1